| 000 | 00837nam a2200229Ia 4500 | ||
|---|---|---|---|
| 001 | 16686 | ||
| 003 | GE_BSU | ||
| 008 | 181216s||||||||xx |||||||||||||| ||und|| | ||
| 040 | _cGE_BSU | ||
| 080 | _a82-93:821.161.1-3 | ||
| 100 | _aკოროლენკო, ვ.გ. | ||
| 245 | _aუსინათლო მუსიკოსი | ||
| 245 | _bმოთხრობა | ||
| 245 | _cთარგმ. ი. და ა. ახალშენიშვილებისა. რედ.ნ.კალანდარიშვილი. მხ.ნ. იანქოშვილი | ||
| 260 | _aთბილისი | ||
| 260 | _bსაბლიტგამი | ||
| 260 | _c1954 | ||
| 300 | _a164გვ. ; 19სმ | ||
| 653 | _aმოთხრობა | ||
| 653 | _aუსინათლო მუსიკოსი | ||
| 942 | _cBK | ||
| 999 |
_c49751 _d49751 |
||